00591 2200217 4500001002100000005001500021035002000036007000300056008004100059020002200100082001000122084001600132100002500148245007300173250001000246260004100256300002600297650002400323700001400347990001200361INLIS00000000001715020240923021547 a0010-0924000148ta240923 g 0 ind  a978-602-497-204-2 a808.8 a808.8 ETI m0 aETI, Fahriaty Zaidan1 aMeraih Bintang tanpa Angan /cEti Fahriaty Zaidan; editor, Istiqomah acet.1 aJakarta :bPustaka Media Guru,c2019 aviii, 83 hlm ;c21 cm 4aKESUSASTRAAN-CERITA0 aISTIQOMAH a11962 a